[Event "Wuerttemberg-ch"]
[Site "Willsbach"]
[Date "1997.??.??"]
[Round "7"]
[White "Rist, Manfred"]
[Black "Wartlick, Karl"]
[Result "1/2-1/2"]
[WhiteElo "2195"]
[BlackElo "2035"]

1.d4 e6 2.c4 Nf6 3.Nf3 b6 4.a3 Bb7 5.Nc3 d5 6.cxd5 Nxd5 7.Qc2 Be7 8.e4 Nxc3
9.bxc3 O-O 10.Bd3 Nd7 11.Bb2 Re8 12.Rd1 Nf8 13.O-O Qc8 14.Rfe1 c5 15.Bb5 Rd8
16.d5 a6 17.Bf1 c4 18.a4 b5 19.Nd4 exd5 20.exd5 Bc5 21.axb5 axb5 22.Nxb5 Bxd5
23.Bc1 Qb7 24.Nd4 Ne6 25.Nxe6 fxe6 26.Be3 Bd6 27.Bd4 Qf7 28.Qd2 Qh5 29.h3 Rf8
30.Ra1 Qg6 31.Rxa8 Rxa8 32.Qe3 Rf8 33.Be5 Be7 34.Qd4 Rc8 35.Ra1 Bc5 36.Qd2 Qf5
37.Bd4 Bd6 38.Ra7 Rc7 39.Ra6 Qf4 40.Qxf4 Bxf4 41.g3 Bg5 42.f4 Be7 43.Ra4 g5
44.Kf2 gxf4 45.gxf4 Kf7 46.Ke3 Kg6 47.Be2 Bf6 48.Ra1 Bxd4+ 49.Kxd4 Kf5 50.Rf1 Rd7
51.Bg4+ Kf6 52.Rf2 h5 53.Be2 Kf5 54.Bxc4 Bg2+ 55.Ke3 Bxh3 56.Bd3+ Kf6 57.c4 Bg4
58.c5 e5 59.f5 Rc7 60.Rc2 Kg5 61.Be4 Bxf5 62.Rg2+ Bg4 63.Rc2 Bf5  1/2-1/2

[Event "Zadar op"]
[Site "Zadar"]
[Date "1997.??.??"]
[Round "4"]
[White "Cebalo, Miso"]
[Black "Zaja, Ivan"]
[Result "1/2-1/2"]
[WhiteElo "2485"]
[BlackElo "2440"]

1.d4 e6 2.c4 Nf6 3.Nf3 b6 4.a3 Ba6 5.e3 d5 6.b3 Be7 7.Bd3 c5 8.Bb2 cxd4 9.exd4 O-O
10.Nbd2 Nbd7 11.O-O Rc8 12.Qe2 Re8 13.Rac1 Bf8 14.Rfd1 g6 15.g3 dxc4 16.bxc4 Bb7
17.Ne4 Nxe4 18.Bxe4 Qc7 19.Bxb7 Qxb7 20.h4 Bh6 21.Rc2 b5 22.c5 Qd5 23.Ne5 Red8
24.Ng4 Bg7 25.Qxb5 Rxc5 26.Rxc5 Nxc5 27.Ne3 Qb3 28.Qxc5 Qxb2 29.d5 Qb6 30.Qxb6 axb6
31.a4  1/2-1/2

[Event "Zadar op"]
[Site "Zadar"]
[Date "1997.??.??"]
[Round "6"]
[White "Cebalo, Miso"]
[Black "Bistric, Faruk"]
[Result "1-0"]
[WhiteElo "2485"]
[BlackElo "2430"]

1.d4 Nf6 2.Nf3 e6 3.c4 b6 4.a3 c5 5.d5 Ba6 6.Qc2 exd5 7.cxd5 g6 8.Nc3 Bg7
9.g3 O-O 10.Bg2 d6 11.O-O Re8 12.Re1 Nbd7 13.Bf4 Qb8 14.h3 b5 15.e4 Bc8 16.b4 a6
17.Rac1 Ra7 18.bxc5 Nxc5 19.Nd4 Rd7 20.Nc6 Qa8 21.a4 bxa4 22.Nxa4 Nxa4 23.Qxa4 Bb7
24.Rb1 Bf8 25.Rec1 Rc8 26.Bg5 Ne8 27.h4 Rdc7 28.Bh3 Rxc6 29.dxc6 Rxc6 30.Bd7 Rxc1+
31.Rxc1 Ng7 32.Qb3 h6 33.Bxh6 Bxe4 34.Rc8 Qa7 35.Qc3  1-0

[Event "Zagreb op"]
[Site "Zagreb"]
[Date "1997.??.??"]
[Round "2"]
[White "Levar, Nenad"]
[Black "Nikolac, Juraj"]
[Result "0-1"]
[WhiteElo "2190"]
[BlackElo "2455"]

1.d4 Nf6 2.Nf3 e6 3.c4 b6 4.a3 Ba6 5.Qc2 c5 6.d5 exd5 7.cxd5 Be7 8.Nc3 O-O
9.e4 Bxf1 10.Kxf1 d6 11.g3 Nbd7 12.Kg2 a6 13.a4 Re8 14.Nh4 g6 15.f4 Bf8 16.Re1 b5
17.axb5 axb5 18.Rxa8 Qxa8 19.Nxb5 Nxd5 20.Qd2 Rxe4 21.Rxe4 N5f6 22.Nxd6 Bxd6
23.Qxd6 Qxe4+ 24.Kh3 Qh1 25.Be3 Qf1+ 26.Ng2 Qf3  0-1

[Event "Zillertal op"]
[Site "Zillertal"]
[Date "1997.??.??"]
[Round "9"]
[White "Kondrak, Christoph"]
[Black "Farago, Ivan"]
[Result "0-1"]
[WhiteElo "2010"]
[BlackElo "2440"]

1.d4 Nf6 2.c4 e6 3.Nf3 b6 4.a3 Ba6 5.e3 Be7 6.Be2 O-O 7.Nc3 d5 8.Ne5 Bb7
9.cxd5 exd5 10.O-O a6 11.b4 Bd6 12.f4 Nbd7 13.Bd3 c5 14.bxc5 bxc5 15.Rf3 cxd4
16.exd4 Ne4 17.Rh3 Ndf6 18.Nxe4 dxe4 19.Bc4 Rc8 20.Be3 Rc7 21.Qe2 Qc8 22.Rb1 Bxa3
23.Rb6 Be7 24.Rxf6 Bxf6 25.Qh5 Qxh3 26.Qxh3 Bxe5 27.fxe5 Rxc4 28.Qg4 Kh8
29.Qd7 Rc3 30.Bf4 Rb3 31.Qe7 Kg8 32.h4 Bd5 33.Qd6 Be6 34.Qxa6 Rd3 35.Qxd3  0-1

[Event "Ubeda op"]
[Site "Ubeda"]
[Date "1998.01.22"]
[Round "3"]
[White "Xu Jun"]
[Black "Wohl, Aleksandar H"]
[Result "1/2-1/2"]
[WhiteElo "2520"]
[BlackElo "2440"]

1.d4 Nf6 2.Nf3 e6 3.c4 b6 4.a3 Ba6 5.Qc2 c6 6.e4 d5 7.Nbd2 Be7 8.Bd3 dxe4
9.Nxe4 Nbd7 10.O-O O-O 11.Bf4 c5 12.Rfd1 cxd4 13.Nxd4 Qc8 14.h3 Rd8 15.Nf3 Bb7
16.Bd6 Kf8 17.b4 a5 18.Rab1 axb4 19.axb4 Ra3 20.Nxf6 Nxf6 21.Bxe7+ Kxe7 22.Ne5 Qc7
23.Qb2 Raa8 24.Bf1 Rxd1 25.Rxd1 Rd8 26.Rxd8 Qxd8 27.c5 bxc5 28.bxc5 Bd5 29.c6 Ne8
30.Bc4 Nc7 31.Bxd5 Qxd5 32.Qb4+ Qd6 33.Qxd6+ Kxd6  1/2-1/2

[Event "Malaga op"]
[Site "Malaga"]
[Date "1998.02.21"]
[Round "9"]
[White "Dgebuadze, Alexandre"]
[Black "Munoz Moreno, Francisco Javier"]
[Result "1/2-1/2"]
[WhiteElo "2470"]
[BlackElo "2320"]

1.d4 Nf6 2.Nf3 e6 3.c4 b6 4.a3 Bb7 5.Nc3 d5 6.cxd5 Nxd5 7.e3 Be7 8.Bb5+ c6
9.Bd3 c5 10.Bb5+ Bc6 11.Bxc6+ Nxc6 12.Qa4 Qd7 13.Nxd5 exd5 14.dxc5 bxc5 15.O-O O-O
16.Bd2 Rfd8 17.Qc2 d4 18.exd4 Nxd4 19.Nxd4 cxd4 20.Qd3 Bf6 21.b4 Qa4 22.Rac1 Rac8
23.g4 h6 24.Rfe1 a6 25.Rxc8 Rxc8 26.Qf5 Re8 27.Rxe8+ Qxe8 28.Qd3 Qb5 29.Qxb5 axb5
30.Kg2 Kf8 31.Kf3 Ke7 32.Ke4 Ke6 33.Bc1 d3 34.Kxd3 Kd5 35.f3 Bh4 36.Kc3 Bf2
37.Kb3 Bb6 38.Bb2 g6 39.a4 bxa4+ 40.Kxa4 Kc4 41.Bc1 h5 42.gxh5 gxh5 43.Bf4 f5
44.Bd6 Be3 45.f4 Kd5 46.Be7 Ke4 47.h4 Kf3 48.b5 Kg4 49.Bd8 Bxf4 50.b6 Be3
51.b7 Ba7 52.Kb5 f4 53.Kc4 f3 54.Kd3 Kg3 55.Bb6 Bb8 56.Ke4 f2 57.Bxf2+ Kxf2
58.Kf5 Kg3 59.Kg5 Kh3 60.Kxh5 Bf4  1/2-1/2

[Event "Cappelle op"]
[Site "Cappelle la Grande"]
[Date "1998.02.28"]
[Round "9"]
[White "Grooten, Herman"]
[Black "Timoshchenko, Gennadi A"]
[Result "1-0"]
[WhiteElo "2395"]
[BlackElo "2520"]

1.d4 Nf6 2.c4 e6 3.Nf3 b6 4.a3 Bb7 5.Nc3 g6 6.d5 exd5 7.cxd5 Bg7 8.g3 O-O
9.Bg2 c5 10.O-O d6 11.h3 Na6 12.Re1 Re8 13.Nd2 Nc7 14.Nc4 Ba6 15.Ne3 Nd7
16.Bd2 f5 17.Rb1 Qf6 18.Qa4 Rad8 19.Nf1 Ne5 20.Rbd1 Re7 21.f4 Nc4 22.Bc1 b5
23.Qb3 Nxa3 24.e4 Nc4 25.e5 Qf7 26.Ne3 Nb6 27.e6 Qf8 28.Ne2 b4 29.Kh1 Kh8
30.Qa2 Bb7 31.g4 Nb5 32.gxf5 Nd4 33.fxg6 hxg6 34.Qb1 Nf5 35.Be4 Qf6 36.Rg1 Nxe3
37.Bxe3 Qh4 38.Kh2 Nc4 39.Rg4 Qf6 40.Bf2 Qxb2 41.Qd3 Nb6 42.Bh4 c4 43.Qf3 Rde8
44.Rxg6 Bxd5 45.Rxd5 Rxe6 46.Qh5+ Kg8 47.Rxe6 Rxe6 48.Rf5 Bh6 49.Qf7+ Kh8
50.Qxe6 Qxe2+ 51.Kg1 Qd1+ 52.Kg2  1-0

[Event "Honra"]
[Site "Almada"]
[Date "1998.03.02"]
[Round "3"]
[White "Ferreira, Paolo"]
[Black "Carvalho, Alda"]
[Result "1/2-1/2"]
[WhiteElo "2205"]
[BlackElo "2110"]

1.d4 Nf6 2.c4 e6 3.Nf3 b6 4.a3 Bb7 5.Nc3 Be7 6.d5 d6 7.e4 e5 8.Bd3 a5 9.O-O O-O
10.Bd2 Bc8 11.h3 Ne8 12.Qc2 g6 13.Nh2 f5 14.f4 fxe4 15.Nxe4 exf4 16.Bxf4 Nd7
17.Bh6 Rxf1+ 18.Rxf1 Ne5 19.Ng5 Ng7 20.Qf2 Bf5 21.Bxf5 Bxg5 22.Bxg7 Kxg7
23.Be6 Qe7 24.Qd4 Bf6 25.Qe4 Rf8 26.b3 Bg5 27.Rxf8 Qxf8 28.Ng4 Nxg4 29.Bxg4 Qe7
30.Qxe7+ Bxe7  1/2-1/2

[Event "Belgrade (Women)"]
[Site "Belgrade"]
[Date "1998.03.12"]
[Round "9"]
[White "Cramling, Pia"]
[Black "Maric, Alisa"]
[Result "1/2-1/2"]
[WhiteElo "2535"]
[BlackElo "2480"]

1.d4 Nf6 2.Nf3 e6 3.c4 b6 4.a3 Bb7 5.Nc3 d5 6.Bg5 Be7 7.e3 O-O 8.cxd5 Nxd5
9.Bxe7 Qxe7 10.Bd3 Nd7 11.O-O c5 12.Nxd5 Bxd5 13.Rc1  1/2-1/2

[Event "POL-ch"]
[Site "Ksiaz"]
[Date "1998.03.13"]
[Round "2"]
[White "Palus, Ryszard"]
[Black "Grabarczyk, Miroslaw"]
[Result "1-0"]
[WhiteElo "2385"]
[BlackElo "2505"]

1.d4 Nf6 2.c4 e6 3.Nf3 b6 4.a3 Bb7 5.Nc3 d5 6.cxd5 exd5 7.g3 Be7 8.Qa4+ c6
9.Bg2 O-O 10.O-O Nbd7 11.Bf4 Re8 12.Rad1 Nh5 13.Bc1 Bd6 14.Rfe1 Nhf6 15.Nh4 Bf8
16.e4 dxe4 17.Nxe4 Nxe4 18.Bxe4 b5 19.Qc2 Nf6 20.Bg5 h6 21.Bh7+ Kh8 22.Rxe8 Qxe8
23.Bxf6 gxf6 24.Be4 Rd8 25.Qd3 Bc8 26.Qf3 Rd6 27.Nf5 Re6 28.Re1 Qd7 29.g4 Qc7
30.Re3 Kg8 31.Rc3 b4 32.axb4 Qd8 33.Qf4 Re8 34.Re3 Bd7 35.Nxh6+ Kg7 36.Nf5+ Kg8
37.Nh6+ Kg7 38.g5 fxg5 39.Qxf7+  1-0

[Event "AUT-chT2S 9798"]
[Site "Austria"]
[Date "1998.03.14"]
[Round "10"]
[White "Pilaj, Herwig"]
[Black "Detter, Peter"]
[Result "1-0"]
[WhiteElo "2210"]
[BlackElo "2190"]

1.Nf3 Nf6 2.d4 e6 3.c4 b6 4.a3 Bb7 5.Nc3 d5 6.Bg5 Be7 7.Qa4+ Nbd7 8.Bxf6 Bxf6
9.cxd5 exd5 10.e3 c6 11.Rd1 O-O 12.g3 Be7 13.Bg2 Bd6 14.O-O Nf6 15.Ne5 b5
16.Qc2 a5 17.Nd3 b4 18.axb4 axb4 19.Na4 Qa5 20.Ra1 Ba6 21.Rfd1 Bb5 22.b3 Ra7
23.Ra2 Rfa8 24.Rda1 Qc7 25.Nac5 Bxc5 26.Nxc5 g6 27.Bf1 Bxf1 28.Kxf1 Rxa2
29.Rxa2 Rxa2 30.Qxa2 Nd7 31.Nd3 Qb6 32.Qa4 Kg7 33.Nxb4 c5 34.Qxd7 Qxb4 35.Qxd5 Qd2
36.Qe5+ f6 37.Qe7+ Kg8 38.Qe8+ Kg7 39.Qe7+ Kg8 40.Qxc5 Qd1+ 41.Kg2 Qxb3 42.d5 Qd3
43.Qc8+ Kg7 44.Qd7+ Kg8 45.Qe6+ Kg7 46.d6 h5 47.Qe7+ Kg8 48.d7  1-0

[Event "POL-ch"]
[Site "Ksiaz"]
[Date "1998.03.24"]
[Round "11"]
[White "Palus, Ryszard"]
[Black "Gdanski, Jacek"]
[Result "0-1"]
[WhiteElo "2385"]
[BlackElo "2520"]

1.d4 Nf6 2.c4 e6 3.Nf3 b6 4.a3 c5 5.d5 Ba6 6.Qc2 exd5 7.cxd5 g6 8.Nc3 Bg7
9.g3 O-O 10.Bg2 d6 11.O-O Re8 12.Re1 b5 13.Nh4 Nbd7 14.h3 c4 15.a4 b4 16.Nb5 Nb6
17.Bd2 b3 18.Qc1 Bxb5 19.axb5 Qd7 20.Ra5 Ne4 21.Bb4 Rac8 22.Rd1 c3 23.Bxe4 Rxe4
24.Bxc3 Bxc3 25.bxc3 Rxe2 26.Rd2 Rxd2 27.Qxd2 Nc4  0-1

[Event "FRA-chT"]
[Site "FRA"]
[Date "1998.04.04"]
[Round "6"]
[White "Van Wely, Loek"]
[Black "Bacrot, Etienne"]
[Result "1-0"]
[WhiteElo "2605"]
[BlackElo "2565"]

1.d4 Nf6 2.c4 e6 3.Nf3 b6 4.a3 Bb7 5.Nc3 d5 6.Bg5 Be7 7.Qa4+ c6 8.Bxf6 Bxf6
9.cxd5 exd5 10.g3 O-O 11.Bg2 c5 12.Rd1 Qe7 13.O-O Rd8 14.e3 Na6 15.h4 Nc7
16.Rfe1 Ne6 17.Nh2 cxd4 18.exd4 h5 19.Bh3 Rd6 20.Nf3 Bc6 21.Qc2 Re8 22.Re3 Qd8
23.Qe2 Bd7 24.Bg2 Nc7 25.Ne5 g6 26.Nxd7 Rxd7 27.Nxd5 Rxe3 28.Nxf6+ Qxf6 29.fxe3 Ne6
30.Qf2 Qd8 31.Rf1 Qc7 32.Be4 Re7 33.Bb1 Qc4 34.b4 Qc3 35.d5 Nf8 36.d6 Rd7
37.Ba2 Kg7 38.Bxf7 Rxd6 39.Be8 Rf6 40.Qxf6+ Qxf6 41.Rxf6 Kxf6 42.Kf2 a5 43.Kf3 axb4
44.axb4 Ne6 45.Bb5 Nc7 46.Bd3 b5 47.e4 Ke5 48.g4 Kd4 49.Be2 Ke5 50.g5 Kd4
51.Bf1 Na6 52.Bxb5 Nxb4 53.Kf4 Kc5 54.Ke5 Kxb5 55.Kd6 Na6 56.e5 Nc5 57.e6 Ne4+
58.Ke5 Kc6 59.Kxe4 Kd6 60.e7 Kd7 61.Kd5  1-0

[Event "Budapest FS04 GM"]
[Site "Budapest"]
[Date "1998.04.05"]
[Round "2"]
[White "Cladouras, Panagiotis"]
[Black "Csom, Istvan"]
[Result "0-1"]
[WhiteElo "2355"]
[BlackElo "2460"]

1.d4 Nf6 2.c4 e6 3.Nf3 b6 4.a3 Bb7 5.Nc3 Ne4 6.Nxe4 Bxe4 7.Nd2 Bb7 8.e4 Qf6
9.d5 Bc5 10.Qf3 Bd4 11.Qxf6 Bxf6 12.Be2 a5 13.O-O Na6 14.f4 Nc5 15.e5 Be7
16.Bf3 a4 17.Rd1 Rb8 18.dxe6 fxe6 19.Bxb7 Nxb7 20.Ne4 Na5 21.Nc3 Ra8 22.Ra2 Bc5+
23.Kh1 Nb3 24.g3 d6 25.exd6 cxd6 26.Kg2 Kd7 27.Kf3 Rhc8 28.Ke4 Kc6 29.Kd3 d5
30.cxd5+ exd5 31.Bd2 Re8 32.Raa1 d4 33.Na2 Nxa1 34.Rxa1 Kd5 35.Rc1 Rac8 36.Rf1 Rc6
37.f5 Re4 38.h3 h5 39.Rf2 Rf6 40.Bg5 Rf7 41.Rf3 Re1 42.Bd2 Rh1 43.g4 hxg4
44.hxg4 Rf8 45.g5 Rfh8 46.Kc2 R1h3 47.Rf1 d3+  0-1

[Event "Neckar op 2nd"]
[Site "Deizisau"]
[Date "1998.04.09"]
[Round "5"]
[White "Lipinsky, Fabian"]
[Black "Einwiller, Dieter"]
[Result "0-1"]
[WhiteElo "2395"]
[BlackElo "2205"]

1.d4 Nf6 2.c4 e6 3.Nf3 b6 4.a3 Bb7 5.Nc3 c5 6.d5 d6 7.Bg5 e5 8.e4 Be7 9.Be2 h6
10.Be3 Nbd7 11.O-O O-O 12.Ne1 Ne8 13.g3 g5 14.b4 Ng7 15.f4 exf4 16.gxf4 Bf6
17.Rc1 cxb4 18.axb4 a5 19.Nb5 Ne8 20.bxa5 Rxa5 21.Nd3 Nc5 22.Nxc5 bxc5 23.e5 gxf4
24.exf6 fxe3 25.Qe1 Nxf6 26.Qh4 Nh7 27.Qxh6 Qg5+ 28.Qxg5+ Nxg5 29.Rc3 f5
30.Rxe3 f4 31.Rb3 Bc8 32.Nd4 Bh3 33.Rf2 Ra1+ 34.Bf1 f3 35.Re3 Bxf1 36.Rxf1  0-1

[Event "Dreifluesse op"]
[Site "Passau"]
[Date "1998.04.10"]
[Round "1"]
[White "Knollhuber, Peter"]
[Black "Neiss, Josef Martin"]
[Result "0-1"]
[WhiteElo "1700"]
[BlackElo "2120"]

1.d4 Nf6 2.Nf3 e6 3.c4 b6 4.a3 Ba6 5.Qc2 c5 6.e3 Be7 7.Bd3 O-O 8.O-O d5 9.b3 Nc6
10.Bb2 Rc8 11.dxc5 dxc4 12.bxc4 Bxc5 13.Nbd2 h6 14.Rfd1 Be7 15.Nf1 Qc7 16.Rac1 Rfd8
17.e4 Ng4 18.h3 Nge5 19.Nxe5 Nxe5 20.Bxe5 Qxe5 21.Qa4 Bb7 22.Qxa7 Qc7 23.Qa4 Ra8
24.Qc2 Bxa3 25.Rb1 Bc5 26.Qe2 Qf4 27.Rb2 Rd4 28.Qg4 Qf6 29.Re2 Rad8 30.Qg3 g6
31.Nh2 Qg5 32.Ng4 h5  0-1

[Event "Dreifluesse op"]
[Site "Passau"]
[Date "1998.04.10"]
[Round "1"]
[White "Pichler, Juergen"]
[Black "Danzer, George"]
[Result "1-0"]
[WhiteElo "2395"]
[BlackElo "1845"]

1.d4 Nf6 2.c4 e6 3.Nf3 b6 4.a3 Be7 5.Nc3 Bb7 6.d5 O-O 7.e4 d6 8.Bd3 Nbd7
9.O-O c6 10.dxe6 fxe6 11.b4 Re8 12.Bb2 e5 13.Qb3 c5 14.Rad1 Rb8 15.Bb1 a6
16.Qc2 Qc7 17.b5 a5 18.Nd5 Nxd5 19.exd5 Nf8 20.Nd2 Bc8 21.f4 exf4 22.Rde1 Qd7
23.Rxf4 Bg5 24.Rfe4 Rxe4 25.Nxe4 Qe7 26.Qc3 Bd7 27.Nxd6 Qf6 28.Qxf6 gxf6
29.Re7 Rd8 30.g3 Bh3 31.Nf7 Rc8 32.Nxg5 fxg5 33.Rg7+  1-0

[Event "Dreifluesse op"]
[Site "Passau"]
[Date "1998.04.11"]
[Round "3"]
[White "Kurbel, Horst Peter"]
[Black "Just, Joachim"]
[Result "0-1"]
[WhiteElo "1806"]
[BlackElo "2078"]

1.d4 Nf6 2.c4 e6 3.Nf3 b6 4.a3 Bb7 5.Nc3 Ne4 6.d5 Nxc3 7.bxc3 d6 8.e4 e5
9.Bd3 Be7 10.O-O Nd7 11.Re1 O-O 12.h3 Nc5 13.Bf1 Bc8 14.g4 Bd7 15.Qc2 Ba4
16.Qe2 Nb3 17.Rb1 Nxc1 18.Rexc1 Bg5 19.Re1 Bf4 20.Rb4 Bd7 21.Reb1 g6 22.Ne1 Qh4
23.Nd3 Bh6 24.f3 f5 25.Bg2 Rf7 26.Rf1 Raf8 27.Rbb1 Bg5 28.Ra1 Qh6 29.Rad1 Ba4
30.Rb1 a5 31.Rb2 Be3+ 32.Kh2 Bd7 33.Re1 Bg5 34.Kg1 Bh4 35.Rf1 Bg3 36.Qd2 Qh4
37.Qe2 Kh8 38.Rbb1 h5 39.Nf2 Bxf2+ 40.Qxf2 Qxf2+ 41.Rxf2 fxg4 42.hxg4 hxg4
43.Rbf1 Bc8  0-1

[Event "GRE-chT"]
[Site "Poros"]
[Date "1998.04.23"]
[Round "5"]
[White "Banikas, Hristos"]
[Black "Kalesis, Nikolaos"]
[Result "0-1"]
[WhiteElo "2495"]
[BlackElo "2420"]

1.d4 Nf6 2.c4 e6 3.Nf3 b6 4.a3 Ba6 5.Qc2 Bb7 6.Nc3 c5 7.e4 cxd4 8.Nxd4 d6
9.Be2 a6 10.O-O Be7 11.Be3 O-O 12.f4 Qc7 13.g4 Re8 14.g5 Nfd7 15.f5 exf5
16.exf5 Bf8 17.Bf4 Qc5 18.Rad1 Nc6 19.Qd2 Nxd4 20.Qxd4 Qxf5 21.Rf2 Nc5 22.Bg3 Qxg5
23.Rdf1 Re3 24.Bg4 Rd3 25.Qf4 Qxf4 26.Rxf4 Rd2 27.Nd5 Bxd5 28.cxd5 Ra7 29.b4 g5
30.Rf5 Ne4 31.Rxf7 Rxf7 32.Be6 Bg7 33.Rxf7 Kh8 34.Ra7 Bd4+ 35.Kh1 h5 36.Bf5 g4
37.Ra8+ Kg7  0-1

[Event "GRE-chT"]
[Site "Poros"]
[Date "1998.04.23"]
[Round "5"]
[White "Halkias, Stelios"]
[Black "Gelashvili, Tamaz"]
[Result "0-1"]
[WhiteElo "2425"]
[BlackElo "2445"]

1.d4 Nf6 2.c4 e6 3.Nf3 b6 4.a3 Bb7 5.Nc3 d5 6.cxd5 Nxd5 7.Bd2 Nd7 8.Qc2 Be7
9.e4 Nxc3 10.Bxc3 O-O 11.O-O-O c5 12.d5 exd5 13.exd5 Bf6 14.Bb5 Bxc3 15.Qxc3 Nf6
16.Qe5 a6 17.Bc6 Bxc6 18.dxc6 Qc8 19.Rhe1 Qxc6 20.Nh4 Rfe8 21.Qg3 Ne4 22.Qf4 Qa4
23.Rd3 Re6 24.Ree3 Qc4+ 25.Kd1 Nc3+  0-1

[Event "Breda m"]
[Site "Breda"]
[Date "1998.05.07"]
[Round "1"]
[White "Van Wely, Loek"]
[Black "Timman, Jan H"]
[Result "1/2-1/2"]
[WhiteElo "2605"]
[BlackElo "2635"]

1.d4 Nf6 2.c4 e6 3.Nf3 b6 4.a3 Ba6 5.Qc2 Bb7 6.Nc3 c5 7.e4 cxd4 8.Nxd4 Nc6
9.Nxc6 Bxc6 10.Bf4 Bc5 11.Be2 O-O 12.O-O-O Ne8 13.Bg3 e5 14.Kb1 Bd4 15.Nb5 Bxb5
16.cxb5 Rc8 17.Qa4 Qe7 18.Rc1 Nd6 19.Bd3 h5 20.h4 Qe6 21.Rhe1 Rfe8 22.Rxc8 Rxc8
23.Re2 Nb7 24.Qd1 Rc5 25.Rc2 Qb3 26.Rd2 Na5 27.Qxb3 Nxb3 28.Rd1 g6 29.f4 exf4
30.Bxf4 Be5 31.Bxe5 Rxe5 32.Bc2 Nc5 33.b4 Nxe4 34.Rxd7 Rd5 35.Rxa7 Nc3+ 36.Kb2 Nxb5
37.Rb7 Nd6 38.Bb3 Rd2+ 39.Kc1 Rd3 40.Rxb6 Rxb3 41.Rxd6 Rxa3 42.Kb2 Rg3 43.Rd2 Re3
44.Rd4 Kf8 45.b5 Ke8 46.b6 Re7 47.Rb4 Rb7 48.Kc3 Kd7 49.Kd4 Kd6 50.Rb3 f6
51.Rf3 Rf7 52.Rg3 Rg7 53.Rf3 Rf7 54.Rg3 Rg7 55.Rb3 Rb7 56.Kc4 Kc6 57.Re3 Rg7
58.Re6+ Kb7 59.Rxf6 g5 60.g3 gxh4 61.gxh4 Rg4+ 62.Kc5 Rxh4 63.Rf7+ Kb8 64.Kc6 Rc4+  1/2-1/2

[Event "Boca Juniors op"]
[Site "Buenos Aires"]
[Date "1998.05.08"]
[Round "2"]
[White "Minzer, Claudio Javier"]
[Black "Basualto, Pedro"]
[Result "1-0"]
[WhiteElo "2380"]
[BlackElo "2130"]

1.d4 Nf6 2.c4 e6 3.Nf3 b6 4.a3 Ba6 5.Qc2 Bb7 6.Nc3 c5 7.e4 d6 8.d5 g6 9.Bg5 exd5
10.cxd5 Bg7 11.Bb5+ Nbd7 12.e5 Qe7 13.O-O dxe5 14.Nxe5 O-O-O 15.Nxd7 Rxd7
16.Rfe1 Qd6 17.Bxd7+ Nxd7 18.Rad1 Bd4 19.Bh4 f5 20.b4 Be5 21.Nb5 Bxh2+ 22.Kh1 Qf4
23.g3 Qh6 24.Nd6+ Kc7 25.Nf7 Qg7 26.Nxh8 g5 27.Qxf5 h6 28.Nf7  1-0

[Event "FRA-chT"]
[Site "FRA"]
[Date "1998.05.09"]
[Round "9"]
[White "Miralles, Gilles"]
[Black "Gervais, Claire"]
[Result "1-0"]
[WhiteElo "2520"]
[BlackElo "2265"]

1.d4 e6 2.c4 Nf6 3.Nf3 b6 4.a3 Ba6 5.Qc2 c5 6.e4 d5 7.Bg5 dxe4 8.Bxf6 gxf6
9.Qxe4 Nd7 10.Nc3 f5 11.Qc6 Rc8 12.Qa4 Bb7 13.d5 a6 14.Rd1 Bg7 15.Be2 Rc7
16.O-O O-O 17.Rfe1 Qc8 18.Bf1 Nf6 19.Ne5 Ng4 20.Nxg4 fxg4 21.Ne4 exd5 22.cxd5 b5
23.Qc2 h6 24.Nd6 Qd7 25.Nf5 c4 26.d6 Rc5 27.Nxg7 Kxg7 28.Re7 Qc6 29.Qc3+ Kg8
30.Rc7 Qb6 31.Qe3 Rc6 32.Qxh6 Rxc7 33.Qg5+ Kh8 34.Qh5+ Kg8 35.Qxg4+ Kh8 36.Qh5+ Kg8
37.Qe5 Kh7 38.dxc7 Qxc7 39.Rd4  1-0

[Event "Capablanca mem 33th Elite"]
[Site "Havana"]
[Date "1998.05.13"]
[Round "5"]
[White "Arencibia, Walter"]
[Black "Bischoff, Klaus"]
[Result "1/2-1/2"]
[WhiteElo "2535"]
[BlackElo "2545"]

1.d4 Nf6 2.c4 e6 3.Nf3 b6 4.a3 Ba6 5.Qc2 Bb7 6.Nc3 c5 7.e4 cxd4 8.Nxd4 Nc6
9.Nxc6 Bxc6 10.Bf4 Nh5 11.Be3 Qb8 12.O-O-O Nf6 13.Be2 Bd6 14.g3 Be5 15.Rhe1 O-O
16.f3 a6 17.Kb1 Rc8 18.Bd4 Bxd4 19.Rxd4 d5  1/2-1/2

[Event "Capablanca mem 33th Elite"]
[Site "Havana"]
[Date "1998.05.13"]
[Round "5"]
[White "Bacrot, Etienne"]
[Black "Agdestein, Simen"]
[Result "0-1"]
[WhiteElo "2565"]
[BlackElo "2570"]

1.d4 Nf6 2.Nf3 e6 3.c4 b6 4.a3 Bb7 5.Nc3 d5 6.Bg5 Be7 7.Qa4+ c6 8.Bxf6 Bxf6
9.cxd5 exd5 10.g3 O-O 11.Rd1 b5 12.Qc2 a5 13.Bh3 Ba6 14.Na2 Be7 15.Nc1 Qb6
16.O-O Ra7 17.Nd3 b4 18.Nc5 b3 19.Nxb3 Rb7 20.Nc5 Bxc5 21.dxc5 Qxb2 22.Qxb2 Rxb2
23.Rb1 Rxe2 24.Rb6 Re4 25.Rfb1 Bb5 26.Bf1 Nd7 27.Bxb5 Nxb6 28.Bd3 Nd7 29.Bxe4 dxe4
30.Nd4 Rb8 31.Rxb8+ Nxb8 32.a4 Nd7 33.Nxc6 Nxc5 34.Nxa5 Nxa4 35.f3 Nc5 36.fxe4 Nxe4
37.Nc6 g6 38.Kg2 f6 39.Kf3 Ng5+ 40.Ke3 Nh3 41.Nd4 h5 42.Nf3 Kf7 43.Nd4 f5
44.Ne2 g5 45.Nd4 Kg6 46.Kf3 Kf6 47.Ke3 g4 48.Ne2 Ke5 49.Nd4 Ng5 50.Nc6+ Kf6
51.Nd4 Ke5 52.Nc6+ Kf6 53.Nd4 Ne4 54.Kf4 Nd6 55.Nc2 Nc8 56.Ke3 Ne7 57.Nb4 Ng6
58.Nd3 Kg5 59.Kf2 h4 60.gxh4+ Kxh4 61.Kg1 Kg5 62.Kf2 Nf4 63.Nc5 Kh4 64.Nb7 Nd3+
65.Ke3 f4+ 66.Kxd3 g3  0-1

[Event "Toronto op"]
[Site "Toronto"]
[Date "1998.05.18"]
[Round "9"]
[White "Southam, David"]
[Black "Taylor, Gordon"]
[Result "0-1"]
[WhiteElo "2155"]
[BlackElo "2325"]

1.d4 Nf6 2.Nf3 e6 3.c4 b6 4.a3 Bb7 5.Nc3 d5 6.Bg5 Be7 7.e3 Nbd7 8.cxd5 Nxd5
9.Bxe7 Qxe7 10.Bb5 Nxc3 11.bxc3 c6 12.Be2 O-O 13.O-O c5 14.a4 Bc6 15.a5 b5
16.dxc5 Qxc5 17.Nd4 Rab8 18.Nxc6 Qxc6 19.Bf3 Qc7 20.a6 Rb6  0-1

[Event "Villa Martelli"]
[Site "Villa Martelli"]
[Date "1998.05.21"]
[Round "3"]
[White "Scarella, Enrique"]
[Black "Slipak, Sergio"]
[Result "1-0"]
[WhiteElo "2380"]
[BlackElo "2510"]

1.d4 Nf6 2.Nf3 e6 3.c4 b6 4.a3 Bb7 5.Nc3 g6 6.Bg5 h6 7.Bh4 Bg7 8.e3 d6 9.h3 Nbd7
10.Qc2 O-O 11.Be2 a6 12.O-O Qe8 13.Rfd1 Nh7 14.Rac1 f5 15.c5 bxc5 16.dxc5 Nxc5
17.b4 Nd7 18.Na4 Rc8 19.Nd4 Ndf6 20.Bxf6 Nxf6 21.Bc4 d5 22.Nc5 dxc4 23.Nxb7 Nd5
24.Qxc4 Kh7 25.Nc5 Bxd4 26.Rxd4 Nb6 27.Qxe6 Qxe6 28.Nxe6 Rf7 29.Rc6 Re7 30.h4 Ra8
31.Rxc7 Rxc7 32.Nxc7 Ra7 33.Nd5 Nd7 34.Rc4 Kg7 35.Rc6 Kf7 36.a4 Nb8 37.Rf6+ Kg7
38.Rb6 Nd7 39.Rc6 Nb8 40.Rd6 Rd7 41.Rxd7+ Nxd7 42.Kf1 Kf7 43.Ke2 Nb8 44.Kd3 Ke6
45.Nf4+ Kf6 46.Kc4 g5 47.hxg5+ hxg5 48.Nd3 Nd7 49.a5 g4 50.b5 axb5+ 51.Kxb5 Nb8
52.a6 Nxa6 53.Kxa6 Ke6 54.Kb5 Kd5 55.f3  1-0

[Event "Villa Martelli"]
[Site "Villa Martelli"]
[Date "1998.05.26"]
[Round "7"]
[White "Scarella, Enrique"]
[Black "Vescovi, Giovanni"]
[Result "0-1"]
[WhiteElo "2380"]
[BlackElo "2480"]

1.d4 Nf6 2.Nf3 e6 3.c4 b6 4.a3 c5 5.e3 Bb7 6.Nc3 d6 7.Bd3 Nbd7 8.O-O Be7
9.Rb1 cxd4 10.exd4 d5 11.Re1 O-O 12.b3 Rc8 13.Bb2 Re8 14.Rc1 Bf8 15.Qe2 g6
16.Qe3 Qe7 17.h3 Red8 18.Qf4 Bg7 19.Nb5 dxc4 20.bxc4 Nc5 21.dxc5 Rxd3 22.Bxf6 Qxf6
23.Qxf6 Bxf6 24.Nd6 Rxc5 25.Nxb7 Rc7 26.Ne5 Bxe5 27.Rxe5 Rxb7 28.a4 Ra3 29.a5 bxa5
30.c5 Rc7 31.c6 a6 32.Rec5 Ra4 33.Rd1 Kf8 34.Rd3 Ke7 35.g4 h6 36.Kg2 g5 37.Kg3 f6
38.Rc2 Rb4 39.Rcd2 e5 40.Rd7+ Rxd7 41.Rxd7+ Ke6 42.Rh7 a4 43.Rb7 Rb5 44.Rd7 Rb6
45.c7 Kxd7  0-1

[Event "Garcia mem Premier"]
[Site "Santa Clara"]
[Date "1998.05.30"]
[Round "6"]
[White "Arencibia, Walter"]
[Black "Pecorelli Garcia, Humberto"]
[Result "1-0"]
[WhiteElo "2535"]
[BlackElo "2465"]

1.Nf3 Nf6 2.c4 e6 3.d4 b6 4.a3 Bb7 5.Nc3 d5 6.cxd5 Nxd5 7.e3 Be7 8.Bd3 O-O
9.Nxd5 exd5 10.b4 Nd7 11.Qb3 c6 12.O-O Bd6 13.a4 Qe7 14.Bd2 Rab8 15.Rfc1 c5
16.bxc5 bxc5 17.Qc2 h6 18.dxc5 Nxc5 19.Bb4 Rfc8 20.Bf5 Ne6 21.Bxd6 Qxd6 22.Qd1 Rxc1
23.Rxc1 Bc6 24.a5 Rb4 25.h3 Bb7 26.Qd2 Ra4 27.Qb2 Nd8 28.Qb5 Bc6 29.Qa6 Qc7
30.Nd4 Rxa5 31.Qc8 Qxc8 32.Bxc8 Bb5 33.Rc5 Ra1+ 34.Kh2 Bc4 35.Rc7 a5 36.Bg4 Kf8
37.e4 Ke8 38.Nf5 h5 39.Nd6+ Kf8 40.Bxh5 a4 41.Rd7 a3 42.Nxc4 dxc4 43.Rxd8+ Ke7
44.Rd2 c3 45.Rc2 g6 46.Be2 a2 47.Kg3 Kd6 48.Bc4 Kc5 49.Rxc3  1-0

[Event "Garcia mem Masters"]
[Site "Santa Clara"]
[Date "1998.06.01"]
[Round "7"]
[White "Santa Torres, Juan"]
[Black "Alvarez, Jose Luis"]
[Result "0-1"]
[WhiteElo "2245"]
[BlackElo "2395"]

1.d4 Nf6 2.c4 e6 3.Nf3 b6 4.a3 Bb7 5.Nc3 g6 6.e3 Bg7 7.Be2 d5 8.cxd5 exd5
9.O-O O-O 10.b4 c6 11.Bb2 Nbd7 12.Qb3 Re8 13.Rfd1 a5 14.b5 c5 15.Rac1 Qe7
16.a4 Rac8 17.Ba3 Qe6 18.Bf1 Bf8 19.Qb2 Rcd8 20.Ne2 Bd6 21.Qa1 c4 22.Bxd6 Qxd6
23.Nc3 Rc8 24.g3 Ng4 25.Re1 f5 26.Bg2 Re7 27.Qb2 Ngf6 28.Nd2 Nf8 29.Nf3 N8d7
30.Nd2 Kg7 31.Qc2 Ba8 32.Qd1 Rf8 33.Rf1 h5 34.h4 Ne4 35.Ne2 Ndf6 36.Nf4 Bb7
37.Nf3 Ng4 38.Bh3 Bc8 39.Bxg4 fxg4 40.Ne5 Bf5 41.Kg2 Nf6 42.Re1 Be4+ 43.Kg1 Kh6
44.Re2 Nd7 45.Nxd7 Rxd7 46.Ra2 Rdf7 47.Qd2 Rf6 48.Kf1 g5 49.hxg5+ Kxg5 50.Qe1 Rh8
51.f3 Bxf3 52.Rh2 Qb4 53.e4 Bxe4 54.Qf2 Qxa4 55.Qd2 Qb4 56.Qe3 Qb3  0-1